Statistika II : distanční studijní opora /

Hlavní autor: Budíková, Marie, 1955-
Korporativní autor: Masarykova univerzita. Centrum distančního a celoživotního vzdělávání
Jazyk: Čeština
Vydáno: Brno : Masarykova univerzita, Ekonomicko-správní fakulta, 2006
Vydání: Vyd. 1.
Témata:
Externí odkaz: Digitalizovaný dokument
Fyzický popis: 156 s. : il. ; 29 cm
Knihy
Uloženo v:
LEADER 02313nam a2200529 a 4500
001 nkc20061695688
003 CZ PrNK
005 20070222073621.0
007 ta
008 061101s2006 xr a e p 001 0 cze
015 |a cnb001695688 
020 |a 80-210-4105-6  |q (brož.) 
035 |a (OCoLC)124089056 
040 |a BOA001  |b cze  |d ABA001 
072 7 |a 311  |x Statistika  |2 Konspekt  |9 4 
072 7 |a 37.016  |x Učební osnovy. Vyučovací předměty. Učebnice  |2 Konspekt  |9 22 
080 |a 311  |2 MRF 
080 |a 519.22  |2 MRF 
080 |a 519.23/.24  |2 MRF 
080 |a (075.8)  |2 MRF 
100 1 |a Budíková, Marie,  |d 1955-  |7 ola2003201126  |4 aut 
245 1 0 |a Statistika II :  |b distanční studijní opora /  |c Marie Budíková 
250 |a Vyd. 1. 
260 |a Brno :  |b Masarykova univerzita, Ekonomicko-správní fakulta,  |c 2006 
300 |a 156 s. :  |b il. ;  |c 29 cm 
500 |a Na obálce pod názvem: KMSTII 
500 |a V tiráži: Masarykova univerzita, Ekonomicko-správní fakulta, Centrum distančního a celoživotního vzdělávání 
500 |a 300 výt. 
500 |a Obsahuje rejstřík 
650 0 7 |a matematická statistika  |7 ph122673  |2 czenas 
650 0 7 |a statistika  |7 ph116273  |2 czenas 
650 0 7 |a statistické metody  |7 ph135431  |x úlohy  |2 czenas 
650 0 9 |a mathematical statistics  |2 eczenas 
650 0 9 |a statistics  |2 eczenas 
650 0 9 |a statistical methods  |x problems, exercises, etc  |2 eczenas 
655 7 |a učebnice vysokých škol  |7 fd133772  |2 czenas 
655 9 |a textbooks (higher)  |2 eczenas 
710 2 |a Masarykova univerzita.  |b Centrum distančního a celoživotního vzdělávání  |7 kn20050729001 
856 4 1 |u http://www.digitalniknihovna.cz/mzk/uuid/uuid:95bdfd20-55b4-11e7-bfb1-005056827e52  |y Digitalizovaný dokument  |x NDK 
910 2 |a BOA001  |b 3-1177.293 
990 |a BK 
995 |a 01 
991 |b 200612  |c NOV 
996 6 |b 2610294844  |c 3-1177.293  |l MZK  |r Sklad / do 1 hodiny  |n 3  |p p.v.  |w 000833620  |u 000010  |a 1  |e BOA001  |j MZK50  |s P 
996 7 |b 2610294845  |c 3-1177.293  |l MZK  |r Sklad / do 1 hodiny  |n 30  |p p.v.  |w 000833620  |u 000020  |a 1  |e BOA001  |j MZK50  |s A 
996 7 |b 2610295533  |c 3-1177.293  |l MZK  |r Sklad / do 1 hodiny  |n 24  |p kup  |w 000833620  |u 000030  |a 1  |e BOA001  |j MZK50  |s A 
996 7 |b 2610295534  |c 3-1177.293  |l MZK  |r Sklad / do 1 hodiny  |n 37  |p kup  |w 000833620  |u 000040  |a 1  |e BOA001  |j MZK50  |s A